00872nam a2200217Ia 450000500170000000800410001702000220005805000160008010000310009624501170012725000190024426000370026330000440030050000890034450000480043365000320048165000140051365000270052770000500055470000500060420231102150848.0120626s 2010m a e 000 0 s d a978-607-15-0300-814aBF501 R44181 aREEVE, Johnmarshall, autor00aMoticación y emociónc / Johnmarshall Reeve;tr. Susana Margarita Olivares Bari; Gloria Estela Padilla Sierra a2a. edición.3 aMéxicob: Mc Graw Hillc, 2010 axviii; 416 páginas.b: ils.c; 27 cm. aIncluye: contenido breve, referencias, índice onomástico e índice analítico. aPLAN FLEXIBLE 09 003989 09 000886 09 00088714aMOTIVACIÓN (PSICOLOGÍA)24aEMOCIONES34aPSICOLOGÍA COMPARADA1 aESTRADA SALAS, Jesúserevisión técnica.2 aMERCADO CORONA, Doloreserevisión técnica